Quartiers des 20 plus grandes villes de France - Statistiques

Statistiques générales
  • Ce quiz a été pris 463 fois
  • Le résultat moyen est 10 sur 20
Statistiques - réponses
Quartiers Ville % Correct
Croix-Rousse, Perrache, Vaise, Mermoz, Saint-Just Lyon
90%
Marais, Belleville, Saint-Germain-des-Prés, Montsouris, Auteuil Paris
90%
Petite-France, La Meinau, Neuhoff, Cronenbourg, Robertsau Strasbourg
79%
Bois Blancs, Lomme, Wazemmes, Vauban-Esquermes, Moulins Lille
69%
La Mosson, le Petit Bard, Port-Marianne, Prés d'Arènes, Croix d'Argent Montpellier
67%
La Valentine, L'Estaque, Saint-Antoine, Saint-Julien, Sainte-Marthe Marseille
64%
Jonelière, Bouffay, Malakoff, Saint-Jacques, La Madeleine Nantes
58%
Les Amidonniers, Les Chalets-Concorde, Saint-Georges, Matabiau, Saint-Etienne Toulouse
54%
L'Ariane, Saint-Augustin, Saint-Isidore, Saint-Roch, Cimiez Nice
50%
Costières, Pissevin-Valdegour, Courbessac, La Placette, Chemin-Bas d'Avignon Nimes
50%
Villejean-Beauregard, Bourg-l'Evesque, Bréquigny, Le Blosne, Arsenal-Redon Rennes
48%
Caudéran, Bacalan, La Bastide, Paul Doumer, Saint-Michel Bordeaux
45%
Bastille, Mistral, Alliés-Alpins, Teisseire, Eaux-Claires Grenoble
45%
Pont du Las, La Rode, Sainte-Musse, Le Mourillon, La Beaucaire Toulon
33%
Saint-Jean, Charpennes, Tonkin, Gratte-Ciel, Cusset-Laurent Bonnevay Villeurbanne
33%
Les Grésilles, La Toison d'Or, Le Parc/Chevreul, Montchapet, Les Bourroches Dijon
32%
La Métare, Bellevue, Carnot, La Terrasse, Montreynaud Saint-Etienne
31%
Clairmarais, Maison-Blanche, Chemin Vert-Europe, Murigny, Chatillons Reims
30%
Saint-Serge, Belle-Beille, la Roseraie, Monplaisir, île Saint-Aubin Angers
26%
Dollemard, Saint-François, Les Halles, Aplemont-Frileuse, Rouelles Le Havre
18%
Aucun quiz correspondant
Distribution des résultats
% des personnes avec chaque résultat
Percentile par nombre de réponses
Votre historique - résultats
Vous n’avez pas pris ce quiz